| 000 | 00816cam a22002773a 4500 | ||
|---|---|---|---|
| 001 | 13953 | ||
| 003 | PGUSA | ||
| 005 | 20140828083311.0 | ||
| 008 | 041104s2004||||xxu|||||s|||||000 1 eng d | ||
| 040 |
_aPGUSA _beng |
||
| 042 | _adc | ||
| 050 | 4 | _aPT | |
| 050 | 4 | _aCT | |
| 050 | 4 | _aDB | |
| 100 | 1 |
_aAchleitner, Arthur, _d1858-1927 |
|
| 245 | 1 | 0 |
_aCelsissimus : _bSalzburger Roman _h[electronic resource] / _cArthur Achleitner |
| 260 |
_bProject Gutenberg, _c2004 |
||
| 506 | _aPublic domain in the USA. | ||
| 516 | _aElectronic text | ||
| 653 | _aRaitenau, Wolf Dietrich von, 1559-1617 | ||
| 653 | _aBiographical fiction | ||
| 653 | _aAustria -- History -- Habsburg dynasty (1273-1740) -- Fiction | ||
| 830 | 0 |
_aProject Gutenberg _v13953 |
|
| 856 | 4 | 0 | _uhttp://www.gutenberg.org/ebooks/13953 |
| 942 | _cEB | ||
| 999 |
_c243208 _d243208 |
||